Green Fruits + Vegetables by Picture - Statistics

General Stats
  • This quiz has been taken 161 times
  • The average score is 10 of 12
Answer Stats
Picture Answer % Correct
Broccoli
98%
Green Grape
98%
Kiwi
98%
Pea
98%
Avocado
97%
Lime
96%
Pear
96%
Asparagus
88%
Brussels Sprout
82%
Celery
82%
Honeydew Melon
58%
Custard Apple
16%
No matching quizzes found
Score Distribution
Percent of People with Each Score
Percentile by Number Answered
Your Score History
You have not taken this quiz